Score 0/9 Timer 01:30
2 Plays Today
Hint Answer % Correct
Shampoo Bottle Instructionsrinse
96.2%
Shampoo Bottle Instructionslather
91.6%
Rice Krispies ElvesPop
91%
Rice Krispies ElvesSnap
90.8%
Rice Krispies ElvesCrackle
90.7%
3 Rs of Educationreading
88.9%
3 Rs of Educationwriting
87.1%
Shampoo Bottle Instructionsrepeat
83.6%
3 Rs of Educationarithmetic
76.3%
Remove Ads.
Support Sporcle.
Get the best of Sporcle when you Go Orange. This ad-free experience offers more features, more stats, and more fun while also helping to support Sporcle. Thank you for becoming a member.

You're not logged in!

Compare scores with friends on all Sporcle quizzes.
OR
Log In

Show Comments

Extras

Top Quizzes Today


Score Distribution

Your Account Isn't Verified!

In order to create a playlist on Sporcle, you need to verify the email address you used during registration. Go to your Sporcle Settings to finish the process.

Report this User

Report this user for behavior that violates our Community Guidelines.

Details: